000 00185 a2200097 4500
020 _a9780736860079
041 _aspa
100 _aBauer,David
245 _aSeà¨les y rotulos
942 _cBK
999 _c9356
_d9356